000 00594nam a2200241Ia 4500
003 OSt
005 20250709141734.0
008 210423s2008 xx 000 0 und d
020 _a4514456213
040 _cAL
041 _aeng
082 _a070.4
_bBURI
100 _aHugo De Burgh
_979812
245 _aInvestigative journalism
250 _a2
260 _aNew Delhi
_bRegal Publications
_c2008
300 _axi,402
_bPB
365 _b1689
_cINR
650 _aJournalism
_979813
650 _aJournalism & Media
_979814
906 _aInvestigative ; journalism
942 _2ddc
_cBK
999 _c156445
_d156445